000 00357 a2200145 4500
001 185386
020 _a
040 _cMagnum
100 _aRegina, Tia
240 1 0 _aLendas do rio são francisco / a festa no céu
_lpor
245 1 0 _aLendas do rio são francisco / a festa no céu
300 _a15
697 _aLITERATURA INFANTO-JUVENIL
942 _cBK
999 _c185386
_d185386